[Event "Florianopolis op 10th"]
[Site "Florianopolis"]
[Date "2024.01.20"]
[Round "1"]
[White "Pedroso, Denian"]
[Black "Martins, Marlos da Rosa"]
[Result "1-0"]
[WhiteElo "1924"]
[BlackElo "1296"]
[PlyCount "105"]
[EventDate "2024.01.20"]
[EventType "swiss"]
[EventRounds "10"]
[EventCountry "BRA"]
[SourceTitle "CB05_2024"]
[SourceDate "2024.01.31"]
[SourceVersion "1"]
[SourceVersionDate "2024.01.31"]
[SourceQuality "1"]

1. e4 c5 2. c3 e6 3. d4 d5 4. exd5 exd5 5. Nf3 Nf6 6. Be2 Be7 7. 0-0 0-0 8. dxc5 Bxc5 9. Nbd2 Nc6 10. Nb3 Bb6 11. Nbd4 Qd6 12. Qd3 a6 13. Bg5 Bc7 14. Bh4 Ne4 15. Bg3 Nxg3 16. hxg3 h6 17. Rad1 Re8 18. Rfe1 Bd7 19. Nf5 Bxf5 20. Qxf5 Rad8 21. Bd3 Rxe1+ 22. Rxe1 g6 23. Qg4 Bb6 24. Rd1 Kg7 25. Nh4 Kg8 26. Re1 Ne5 27. Qe2 Re8 28. Qd2 Kg7 29. Be2 d4 30. cxd4 Qxd4 31. Qxd4 Bxd4 32. Kf1 Kf8 33. b3 Rc8 34. f4 Nc6 35. Nf3 Bg7 36. Rd1 Rd8 37. Rc1 Bf6 38. Bxa6 Nb4 39. Bxb7 Nxa2 40. Rc8 Ke7 41. Rxd8 Kxd8 42. g4 Kc7 43. Bd5 Kd6 44. Bxf7 g5 45. f5 Kc5 46. Ke2 Kb4 47. Nd2 Nc3+ 48. Kd3 Nb5 49. Ne4 Be5 50. Bc4 Nc7 51. f6 Ba1 52. f7 Bg7 53. Nf6 1-0

[Event "Criciuma op-A"]
[Site "Criciuma"]
[Date "2024.01.12"]
[Round "1"]
[White "Hoffman, Alejandro"]
[Black "Pedroso, Denian"]
[Result "1-0"]
[WhiteElo "2358"]
[BlackElo "1924"]
[PlyCount "55"]
[EventDate "2024.01.12"]
[EventType "swiss"]
[EventRounds "9"]
[EventCountry "BRA"]
[SourceTitle "CB04_2024"]
[SourceDate "2023.10.16"]
[SourceVersion "1"]
[SourceVersionDate "2023.10.16"]
[SourceQuality "1"]

1. Nf3 c5 2. g3 d5 3. Bg2 Nf6 4. 0-0 g6 5. c4 Bg7 6. cxd5 Nxd5 7. Nc3 0-0 8. h4 Nc6 9. h5 Nxc3 10. bxc3 Bg4 11. hxg6 hxg6 12. Rb1 Qd7 13. Ng5 Qc7 14. d3 Bxc3 15. Qa4 Nd4 16. e3 Bd7 17. Qd1 Nc6 18. Ne4 Bg7 19. Nxc5 Bc8 20. Qa4 Rb8 21. Bd2 b6 22. Qxc6 Qxc6 23. Bxc6 Bh3 24. Nd7 Rbc8 25. Nxf8 Bxf1 26. Nxg6 Bf6 27. Kxf1 Rxc6 28. Nf4 1-0

[Event "Florianopolis op 8th"]
[Site "Florianopolis"]
[Date "2022.01.25"]
[Round "2"]
[White "Terao, Juliana Sayumi"]
[Black "Pedroso, Denian"]
[Result "1-0"]
[WhiteElo "2257"]
[BlackElo "1876"]
[PlyCount "107"]
[EventDate "2022.01.24"]
[EventType "swiss"]
[EventRounds "10"]
[EventCountry "BRA"]
[SourceTitle "CBM 206 Extra"]
[Source "ChessBase"]
[SourceDate "2022.03.31"]
[SourceVersion "1"]
[SourceVersionDate "2022.03.31"]
[SourceQuality "1"]

1. e4 c5 2. Nf3 Nc6 3. d4 cxd4 4. Nxd4 Nf6 5. Nc3 e6 6. Ndb5 Bb4 7. a3 Bxc3+ 8. Nxc3 d5 9. exd5 exd5 10. Bd3 0-0 11. 0-0 d4 12. Ne2 Bg4 13. Bg5 Qd6 14. f3 Bh5 15. Qd2 Bg6 16. Rad1 Rad8 17. Qf4 Rfe8 18. Rf2 Bxd3 19. Rxd3 h6 20. Qxd6 Rxd6 21. Bxf6 Rxf6 22. h4 Rd6 23. Kf1 Re3 24. Nc1 Rde6 25. Rd1 Ne7 26. b3 b5 27. Rfd2 Nc6 28. Ne2 d3 29. Nf4 Re8 30. Rxd3 Kf8 31. Rxe3 Rxe3 32. Nd5 Re5 33. Kf2 g5 34. h5 Ne7 35. Nf6 Kg7 36. Nd7 Rd5 37. Rxd5 Nxd5 38. c4 bxc4 39. bxc4 Nc7 40. Ke3 f5 41. Kd4 Kf7 42. Ke5 Ne8 43. Nb8 f4 44. a4 Nf6 45. Kd6 Nxh5 46. c5 Ng7 47. c6 h5 48. Ke5 Ne6 49. Na6 g4 50. c7 Nxc7 51. Nxc7 h4 52. Kxf4 h3 53. gxh3 gxh3 54. Kg3 1-0

[Event "Florianopolis op 7th"]
[Site "Florianopolis"]
[Date "2021.01.22"]
[Round "7"]
[White "Medeiros, Francisco de Assis"]
[Black "Pedroso, Denian"]
[Result "1/2-1/2"]
[WhiteElo "2122"]
[BlackElo "1849"]
[PlyCount "66"]
[EventDate "2021.01.18"]
[EventType "swiss"]
[EventRounds "10"]
[EventCountry "BRA"]
[SourceTitle "CBM 200 Extra"]
[Source "ChessBase"]
[SourceDate "2021.03.31"]
[SourceVersion "1"]
[SourceVersionDate "2021.03.31"]
[SourceQuality "1"]

1. d4 Nf6 2. c4 e6 3. Nf3 Bb4+ 4. Nbd2 0-0 5. a3 Bxd2+ 6. Qxd2 a5 7. b3 b6 8. e3 Bb7 9. Be2 d6 10. Bb2 Nbd7 11. 0-0 Be4 12. Ne1 h6 13. f3 Bh7 14. Bd3 Qe7 15. Bxh7+ Kxh7 16. Nd3 Rfd8 17. Qf2 e5 18. e4 c5 19. d5 Nh5 20. Bc1 g5 21. g3 Rg8 22. Qg2 Nf4 23. Qc2 Nxd3 24. Qxd3 Nf8 25. Bd2 Ng6 26. Kh1 Qd7 27. b4 axb4 28. axb4 Ne7 29. b5 f5 30. Kg2 f4 31. g4 Kg7 32. Ra3 Ra7 33. Rfa1 Rga8 1/2-1/2

[Event "Florianopolis op 7th"]
[Site "Florianopolis"]
[Date "2021.01.21"]
[Round "6"]
[White "Pedroso, Denian"]
[Black "Da Cunha, Gastao"]
[Result "1-0"]
[WhiteElo "1849"]
[BlackElo "1372"]
[PlyCount "97"]
[EventDate "2021.01.18"]
[EventType "swiss"]
[EventRounds "10"]
[EventCountry "BRA"]
[SourceTitle "CBM 200 Extra"]
[Source "ChessBase"]
[SourceDate "2021.03.31"]
[SourceVersion "1"]
[SourceVersionDate "2021.03.31"]
[SourceQuality "1"]

1. e4 e6 2. Qe2 b6 3. g3 Bb7 4. Bg2 c5 5. Nf3 g6 6. 0-0 Bg7 7. c3 Ne7 8. Re1 0-0 9. d4 Na6 10. Bg5 h6 11. Be3 Rc8 12. Nbd2 cxd4 13. Nxd4 Nc7 14. f4 d5 15. e5 Nc6 16. N2b3 Nxd4 17. Nxd4 Ba6 18. Qd2 Nb5 19. Nc2 Kh7 20. a4 Nc7 21. a5 Rb8 22. Nb4 Bb5 23. axb6 axb6 24. Qf2 Na8 25. Ra7 Qc8 26. Rea1 Rd8 27. Rxf7 Rd7 28. Rxd7 Qxd7 29. h4 Qb7 30. h5 Be8 31. Bf1 gxh5 32. Qc2+ Bg6 33. Bd3 Bxd3 34. Qxd3+ Kh8 35. Qg6 Nc7 36. Nc2 h4 37. Nd4 Rg8 38. Kg2 Ne8 39. Qxe6 Bf8 40. g4 Qg7 41. Kh3 Qh7 42. Qf5 Qb7 43. Qh5 Qh7 44. Qf5 Qb7 45. Rg1 Qa6 46. Bf2 Qa2 47. Ne6 Qxb2 48. Nxf8 Qxf2 49. Qh7# 1-0

[Event "Florianopolis op 6th"]
[Site "Florianopolis"]
[Date "2020.01.22"]
[Round "4"]
[White "Pedroso, Denian"]
[Black "Machado, Luiz Fernando"]
[Result "1/2-1/2"]
[WhiteElo "1873"]
[BlackElo "1492"]
[PlyCount "72"]
[EventDate "2020.01.20"]
[EventType "swiss"]
[EventRounds "10"]
[EventCountry "BRA"]
[SourceTitle "CBM 194 Extra"]
[Source "ChessBase"]
[SourceDate "2020.03.31"]
[SourceVersion "1"]
[SourceVersionDate "2020.03.31"]
[SourceQuality "1"]

1. e4 e6 2. Qe2 e5 3. Nf3 Nc6 4. c3 d6 5. d4 Bg4 6. d5 Nce7 7. Qb5+ c6 8. Qxb7 Bd7 9. dxc6 Nxc6 10. Qb3 Rb8 11. Qc2 Nf6 12. Bc4 Be7 13. 0-0 0-0 14. h3 Qb6 15. Bb3 h6 16. Be3 Qb7 17. Nbd2 Rfc8 18. Qd3 Na5 19. Nh2 Qc7 20. Rac1 Nxb3 21. axb3 Be6 22. c4 Nd7 23. Qc3 Nc5 24. Ra1 Bg5 25. Bxg5 hxg5 26. Ra3 Qb7 27. f3 Qb6 28. Qe3 f6 29. Ng4 Bxg4 30. hxg4 Rc7 31. Kf2 Nd3+ 32. Ke2 Nf4+ 33. Kf2 Nd3+ 34. Ke2 Nf4+ 35. Kf2 Nd3+ 36. Ke2 Nf4+ 1/2-1/2

[Event "Porto Alegre Metropole-ch"]
[Site "Porto Alegre"]
[Date "2018.12.02"]
[Round "5"]
[White "Moyses Sobrinho, Elias"]
[Black "Pedroso, Denian"]
[Result "1-0"]
[WhiteElo "1921"]
[BlackElo "1852"]
[PlyCount "87"]
[EventDate "2018.11.30"]
[EventType "swiss"]
[EventRounds "5"]
[EventCountry "BRA"]
[SourceTitle "CBM 187 Extra"]
[Source "ChessBase"]
[SourceDate "2018.11.04"]
[SourceVersion "1"]
[SourceVersionDate "2018.11.04"]
[SourceQuality "1"]

1. Nf3 c5 2. d4 cxd4 3. Nxd4 Nf6 4. g3 g6 5. Bg2 Bg7 6. 0-0 0-0 7. c4 Nc6 8. Nc3 Qb6 9. Nb3 d6 10. Be3 Qd8 11. h3 Be6 12. Nd5 Nd7 13. Nd4 Nde5 14. Nxe6 fxe6 15. Nf4 Nxc4 16. Nxe6 Nxe3 17. Qb3 Qb6 18. Qxe3 Qxe3 19. fxe3 Rxf1+ 20. Rxf1 Bh6 21. Nf4 e5 22. Bd5+ Kf8 23. Nxg6+ Ke8 24. Nh4 Ne7 25. Be6 Bxe3+ 26. Kg2 Bg5 27. Rf7 Bxh4 28. gxh4 Ng6 29. e3 Rd8 30. Rxb7 d5 31. h5 Ne7 32. Rxa7 d4 33. exd4 exd4 34. Kf2 d3 35. Ke1 Nc6 36. Rxh7 Rd6 37. Bb3 d2+ 38. Kd1 Nd4 39. Ba4+ Kf8 40. Kxd2 Kg8 41. Rd7 Rb6 42. Rxd4 Rxb2+ 43. Kc3 Rxa2 44. Bb3+ 1-0

[Event "Porto Alegre Oncosinos op"]
[Site "Porto Alegre"]
[Date "2015.09.07"]
[Round "7.6"]
[White "Pedroso, Denian"]
[Black "Fonseca, Luis Ernesto Serra"]
[Result "1-0"]
[WhiteElo "1730"]
[BlackElo "2075"]
[PlyCount "47"]
[EventDate "2015.09.04"]
[EventType "swiss"]
[EventRounds "7"]
[EventCountry "BRA"]
[SourceTitle "EXT 2022"]
[Source "ChessBase"]
[SourceDate "2021.10.06"]
[SourceVersion "1"]
[SourceVersionDate "2021.10.06"]
[SourceQuality "1"]

1. e4 c5 2. Nf3 g6 3. d4 cxd4 4. Nxd4 Bg7 5. Bc4 Nc6 6. Be3 e6 7. Nc3 Nge7 8. 0-0 0-0 9. Nxc6 bxc6 10. Qd6 Re8 11. Rfd1 Bf8 12. Qg3 d5 13. Bg5 Qa5 14. Bb3 Bb7 15. Qh4 Nc8 16. Rd3 Qc7 17. Bf6 Bg7 18. e5 Bxf6 19. exf6 h5 20. Qg5 Qd6 21. Rh3 Qf8 22. Rxh5 Nd6 23. g4 d4 24. Rh3 1-0

[Event "Porto Alegre Oncosinos op"]
[Site "Porto Alegre"]
[Date "2015.09.05"]
[Round "2"]
[White "Bueno, Jair Cardona"]
[Black "Pedroso, Denian"]
[Result "1/2-1/2"]
[WhiteElo "1925"]
[BlackElo "1730"]
[PlyCount "131"]
[EventDate "2015.09.04"]
[EventType "swiss"]
[EventRounds "7"]
[EventCountry "BRA"]
[SourceTitle "EXT 2016"]
[Source "ChessBase"]
[SourceDate "2015.10.08"]
[SourceVersion "1"]
[SourceVersionDate "2015.10.08"]
[SourceQuality "1"]

1. e4 c5 2. d3 Nc6 3. Nc3 e6 4. g3 Nf6 5. Bg2 d5 6. exd5 Nxd5 7. Nge2 Be7 8. 0-0 0-0 9. Nxd5 exd5 10. d4 Bg4 11. f3 Bf5 12. Be3 Nb4 13. Bf2 Bxc2 14. Qd2 Bg6 15. dxc5 Nd3 16. Nf4 Nxf2 17. Qxf2 Qa5 18. Rfc1 b6 19. cxb6 axb6 20. Kh1 Bc5 21. Qe1 Bb4 22. Qd1 Bd2 23. Nxg6 hxg6 24. Rc2 Be3 25. f4 Rad8 26. Qd3 d4 27. a3 Rc8 28. Rd1 Qa4 29. Re2 Rc5 30. Be4 Rfc8 31. Kg2 Rc1 32. Rxc1 Rxc1 33. Rc2 Rg1+ 34. Kh3 Qd7+ 35. f5 g5 36. Qc4 Qd6 37. Qc8+ Kh7 38. f6+ g6 39. Rc6 Qe5 40. Qg4 Rc1 41. Rxb6 Rc7 42. Rb7 Rxb7 43. Bxb7 Qxf6 44. Qf3 g4+ 45. Qxg4 Qb6 46. Bd5 Qb5 47. Qf3 Qd7+ 48. Kg2 Kg7 49. Qe4 Qc7 50. b3 Qc1 51. Qf3 f5 52. a4 d3 53. Bc4 d2 54. Be2 Bc5 55. Qb7+ Kh6 56. Qf3 Qc2 57. Bd1 Qb2 58. Qf4+ g5 59. Qxf5 Qd4 60. Qe6+ Kg7 61. Qe2 Kg6 62. Qe6+ Kg7 63. Qe2 Bb6 64. Qe7+ Kh6 65. Qe6+ Kg7 66. Qe2 1/2-1/2